00531cam a22001337a 4500008004000000082002000040100005300060245011000113260005700223300001000280500002300290700005900313700002500372180718b1954 xxu||||| |||| 00| 0 eng d aT2195x5452 M267 aMadras. Committee for Leather Industry and Trade aReport of the Committee for Leather Industry and Tradecby Industries, Labour and Co-operation Department aMadrasbIndustries and Co-operation Departmentc1954 a51+p. aChairman: B.M. Das aMadras. Industries, Labour and Co-operation Department aDas, B.M. (Chairman)